Accountancy for CA-PCC/IPCC (Record no. 51033)

MARC details
000 -LEADER
fixed length control field 00959nam a22002657a 4500
005 - DATE AND TIME OF LATEST TRANSACTION
control field 20110312154327.0
008 - FIXED-LENGTH DATA ELEMENTS--GENERAL INFORMATION
fixed length control field 110312t xxu||||| |||| 00| 0 eng d
010 ## - LCCN (DPL NO)
LC control number B-422624
020 ## - INTERNATIONAL STANDARD BOOK NUMBER
International Standard Book Number 8121930960
Terms of availability 425.00
037 ## - SOURCE OF ACQUISITION
Stock number UBH
Source of stock number/acquisition RP/BL-4
040 ## - CATALOGING SOURCE
Original cataloging agency DPL
050 ## - LIBRARY OF CONGRESS CALL NUMBER
DPL Classification number 657
082 ## - DEWEY DECIMAL CLASSIFICATION NUMBER
Classification number 657
100 ## - MAIN ENTRY--PERSONAL NAME
Personal name Tulsian,P.C
9 (RLIN) 26516
245 ## - TITLE STATEMENT
Title Accountancy for CA-PCC/IPCC
Remainder of title Part-1
Statement of responsibility, etc P.C.Tulsian
250 ## - EDITION STATEMENT
Edition statement 2nd ed.(revised)
260 ## - PUBLICATION, DISTRIBUTION, ETC. (IMPRINT)
Place of publication, distribution, etc New Delhi
Name of publisher, distributor, etc S.Chand & Company Ltd
Date of publication, distribution, etc 2009
270 ## - ADDRESS
Address 7361,Ram Nagar
City Delhi
Postal code 110055
300 ## - PHYSICAL DESCRIPTION
Extent d
Other physical details xiii,3.14,4.91,5.124,6..15.153,T.48
Dimensions 24cm(pbk)
505 ## - FORMATTED CONTENTS NOTE
Formatted contents note Part-1
700 ## - ADDED ENTRY--PERSONAL NAME
Personal name Tulsian,P.C
9 (RLIN) 26517
942 ## - ADDED ENTRY ELEMENTS (KOHA)
Source of classification or shelving scheme Dewey Decimal Classification
Item type English Books
Classification part 657
Call number suffix TUL
Holdings
Withdrawn status Lost status Source of classification or shelving scheme Damaged status Not for loan Collection code Home library Current library Shelving location Date acquired Source of acquisition Cost, normal purchase price Total Checkouts Total Renewals Full call number Barcode Date last seen Copy number Cost, replacement price Koha item type
    Dewey Decimal Classification     Non-fiction Shahdara Branch Shahdara Branch General Stacks 12/03/2011 UBH/253/15/5/15.2.11/2/RP/BL-4 425.00 2 2 657 TUL B-422624 13/05/2020 1 425.00 English Books

© Delhi Public Library
Hit Counter
free hit counter